000 00296 a2200157 4500
001 174740
020 _a
040 _cMagnum
100 _aGuiomar
240 1 0 _aAmiga invisivel
_lpor
245 1 0 _aAmiga invisivel
362 0 _a1899
440 1 _aLĂȘ
697 _aIJ/POESIA
942 _cBK
999 _c174740
_d174740